| 000 | 00655nam a2200193Ia 4500 | ||
|---|---|---|---|
| 008 | 140321s9999 xx 000 0 und d | ||
| 020 | _a9781121488090 | ||
| 050 |
_aHD 62.4 _b.H55 2012 |
||
| 100 | _aHill, Charles W. L. | ||
| 245 |
_aInternational business / _cCharles W. L. Hill, Chow-Hou Wee and Krishna Udayasanker. |
||
| 260 |
_aPhilippines : _bMcGraw-Hill, _cc2012. |
||
| 300 |
_a417 p. : _bill. ; _c26 cm. |
||
| 500 | _aIncludes bibliographical references and index. | ||
| 521 | _aBSBA | ||
| 650 |
_aInternational business enterprises _xAsia. |
||
| 650 |
_aInternational business enterprises _xManagement. |
||
| 942 |
_kFOR _cBK |
||
| 999 |
_c48326 _d48326 |
||